|
|
|
|
| LEADER |
00000nab a2200000 4500 |
| 001 |
vtls008694259 |
| 003 |
SK-MaSNL |
| 005 |
20260304133808.0 |
| 008 |
250505 1952 xo p 000 0 slo |
| 015 |
|
|
|a SNBRRBDKK190120XX
|
| 035 |
|
|
|a (urnnbn)urn:nbn:sk:snk:ar-006a0t
|
| 035 |
|
|
|a urn:nbn:sk:snk-abbzvn
|
| 035 |
|
|
|a (uuid)2c75172a-5057-4276-871e-acd36e6d4434
|
| 040 |
|
|
|a SNKBUCL
|b slo
|c SNKBUCL
|e AACR2
|
| 041 |
0 |
|
|a slo
|
| 044 |
|
|
|a xo
|c SK
|
| 080 |
|
|
|a 028
|2 1997
|
| 100 |
1 |
|
|a Honzová, Marta
|4 aut
|9 1451052
|
| 245 |
1 |
0 |
|a Varínski družstevníci a kolektívne čítanie tlače
|c Marta Honzová
|
| 520 |
2 |
|
|a Správa o kolektívnom čítaní tlače vo Varíne informuje o priebehu a výsledkoch za pol roka práce
|
| 650 |
0 |
7 |
|a kolektívne čítanie
|x denná tlač
|z Varín (Slovensko)
|x články
|2 snkbudkk
|9 1451053
|
| 773 |
0 |
|
|t Čitateľ : mesačník pre prácu s čitateľmi
|g Roč. 1, č. 5-6 (1952), s. 151-152
|
| 850 |
|
|
|a Slovenská národná knižnica
|
| 852 |
|
|
|a Slovenská národná knižnica
|
| 856 |
4 |
1 |
|u http://www.viks.sk/dkk/citatel1952_151_152.doc
|y plný text
|
| 910 |
|
|
|a bdkk
|a memoriask
|
| 954 |
|
|
|a odborná, vedecká literatúra pôvodná (slovenská)
|2 lita
|
| 958 |
|
|
|a article15
|
| 958 |
|
|
|a OND
|
| 958 |
|
|
|a EUIPO
|
| 999 |
|
|
|c 2903731
|d 2905661
|